Spanish Phrases and Idioms - Statistics

General Stats
  • This quiz has been taken 34 times
  • The average score is 3 of 13
Answer Stats
English Spanish % Correct
Cuídate Take care / Watch out
90%
Vale la pena It's worth it
50%
Cuánto tiempo sin verlo Long time, no see
40%
Que te mejores Get well soon
30%
Buena onda Good vibes / cool
27%
Por si las moscas Just in case
17%
Meter la pata to screw up / mess up
7%
Ojos que no ven, corazón que no siente Out of sight, out of mind / What you don't know can't hurt you
3%
En boca cerrada, no entran moscas Silence is golden / It's best to keep your mouth shut
3%
A lo hecho, pecho What's done is done
3%
Sacar la piedra Frustrate / Anger / Upset
0%
Poner las pilas Get Ready / Wake up / Be Alert
0%
A mal tiempo, buena cara Look on the bright side / keep your chin up
0%
No matching quizzes found
Score Distribution
Percent of People with Each Score
Percentile by Number Answered
Your Score History
You have not taken this quiz